00356nam a22000977a 450000500170000010000790001724500900009626000270018630000090021370000360022220260629142652.0 aAbdul Samad Abbas a21-MSCS-01aSupervisor - Prof.Dr. Mukhtiar Ahmed Memon aQOS Energy Optimization Routing Algorithm for Wireless Body Area Network (Thesis MS) aNawabshahbQUESTc2024 a96p. aDepartment of Computer Science